| 000 | 01535cam a22002415a 4500 | ||
|---|---|---|---|
| 001 | 17323749 | ||
| 005 | 20170104113816.0 | ||
| 008 | 120530t2013 flua frb 001 0 eng d | ||
| 020 | _a9781439869550 | ||
| 040 |
_aDLC _cDLC _dDLC _dEG-ScBUE _beng |
||
| 082 | 0 | 4 |
_222 _a006.6 _bIMG |
| 245 | 0 | 0 |
_aImage restoration : _bfundamentals and advances / _ceditors Bahadir K. Gunturk, Xin Li. |
| 260 |
_aBoca Raton : _bCRC Press / Taylor & Francis Group, _cc.2013. |
||
| 300 |
_axvii, 343 p. : _bill. (some col.) ; _c27 cm. |
||
| 490 | 0 | _aDigital imaging and computer vision | |
| 504 | _aIncludes bibliographical references and index. | ||
| 520 | _a"Addressing a variety of applications, this book covers a wide range of topics pertaining to image restoration. Topics covered include image denoising, document image analysis, remote sensing applications, and image formation modeling. Content also addresses blind image restoration, iterative optimization techniques, learning-based image restoration, and non-local approach, as well as super-resolution, multi-spectral restoration, and video inpainting. Contributors from various countries help readers understand the essentials, the state of the art, and the research directions. The text features background material, mathematical content, a survey of the methods, examples, comparisons, and a bibliography. "-- | ||
| 650 | 0 |
_aImage reconstruction. _2BUEsh |
|
| 653 |
_bCOMSCI _cJanuary2017 |
||
| 700 | 1 |
_aGunturk, Bahadir K. _q(Bahadir Kursat) |
|
| 700 | 1 |
_aLi, Xin, _d1974- |
|
| 942 | _2ddc | ||
| 999 |
_c23831 _d23803 |
||